000 01710nam a2200469 c 4500
001 22571
003 ES-MaCES
005 20141221122808.0
008 091026s2009 sp t o000 | spa d
017 _aM 41193-2002
_bDL
020 _a9788484173373
024 7 _a790-09-085-6
_2nipo
035 _aCES20090011136m
040 _aES-MaCES
_bspa
_cES-MaCES
041 1 _aspa
_heng
100 1 _aAlli, Benjamin O.
_95953
245 1 0 _aPrincipios fundamentales de salud y seguridad en el trabajo
_cBenjamin O. Alli ; traducción , Cora Zapico Landrove
250 _a2ª ed
260 _aMadrid
_bMinisterio de Trabajo e Inmigración, Subdirección General de Información Administrativa y Publicaciones
_c[2009]
300 _a301 p.
_c22 cm
490 1 _aColección Informes OIT
_v83
500 _aTraducción de: Fundamental principles of occupational health and safety
500 _aÍndices
504 _aBibliografía: 281-284 p
541 _cGratuito
650 4 _aseguridad en el trabajo
_928348
650 4 _asalud en el trabajo
_928347
650 4 _ariesgo
_929564
650 4 _aprevención
_929707
650 4 _acondiciones de trabajo
_928327
650 4 _alegislación
_927153
650 4 _apapel de la OIT
_929112
653 1 0 _aSalud
700 1 _aZapico Landrove, Cora
_etr.
_926520
710 1 _aEspaña
_bMinisterio de Trabajo e Inmigración
_eed.
_93272
740 0 2 _aFundamental principles of occupational health and safety
775 0 _tPrincipios fundamentales de salud y seguridad en el trabajo
_w(ES-MaCES)14284
830 0 _aColección Informes OIT
_v83
_932372
902 _aLIB Libro
942 _2CES
_cBK
_h3.1.
999 _c22571
_d22571